10 größte Städte Neuseeland - Statistiken

Allgemein
  • Dieses Quiz wurde 17 mal gespielt
  • Das Durchschnittsergebnis liegt bei 6 aus 10
Antwortstatistiken
Einwohner Antwort % Korrekt
1.440.000 Auckland
100%
378.000 Christchurch
100%
212.000 Wellington
100%
180.000 Hamilton
63%
102.000 Dunedin
56%
67.000 Napier
50%
158.000 Tauranga
50%
112.000 Lower Hutt
25%
81.000 Palmerston North
13%
60.000 Porirua
0%
Keine übereinstimmenden Quizze gefunden
Verteilung der Resultate
Anzahl Personen mit jedem Resultat
Perzentil nach korrekt beantworteten Fragen
Ihre Resultats-Entwicklung
Sie haben dieses Quiz noch nicht gespielt